| Tag |
First Indicator |
Second Indicator |
Subfields |
| LEADER |
00000cam a2200000 4500 |
| 001 |
in00003439739 |
| 005 |
20151206103346.0 |
| 008 |
731023s1970 ne ab b 00010 eng |
| 010 |
|
|
|a 73162340
|
| 015 |
|
|
|a Ne***
|
| 040 |
|
|
|d UtOrBLW
|
| 041 |
1 |
|
|a eng
|a may
|
| 082 |
0 |
|
|a 915.93
|
| 090 |
|
|
|a DS588.P3
|b T43
|
| 100 |
1 |
|
|a Teeuw, A.
|
| 245 |
1 |
0 |
|a Hikayat Patani. :
|b The story of Patani /
|c by A. Teeuw [and] D. K. Wyatt.
|
| 264 |
|
1 |
|a The Hague :
|b Martinus Nijhoff,
|c 1970.
|
| 300 |
|
|
|a 2 volumes (viii, 330 pages) :
|b illustrations, maps. ;
|c 24 cm.
|
| 336 |
|
|
|a text
|b txt
|2 rdacontent
|
| 337 |
|
|
|a unmediated
|b n
|2 rdamedia
|
| 338 |
|
|
|a volume
|b nc
|2 rdacarrier
|
| 490 |
1 |
|
|a Bibliotheca Indonesica ;
|v 5
|
| 500 |
|
|
|a Malay text with English translation and commentary.
|
| 504 |
|
|
|a Bibliography: volume 2, pages [298]-306.
|
| 651 |
|
0 |
|a Pattani (Thailand : Province)
|x History.
|
| 610 |
2 |
0 |
|a Hikayat Patani.
|
| 700 |
1 |
|
|a Wyatt, David K.
|
| 740 |
4 |
|
|a The story of Patani.
|
| 830 |
|
0 |
|a Bibliotheca Indonesica ;
|v 5.
|
| 999 |
|
|
|a MARS
|
| 999 |
f |
f |
|s 64ea762f-2a84-3154-a416-c888512e5ac4
|i 7c8e3628-67bf-320c-b370-b30dfa22499f
|t 0
|
| 952 |
f |
f |
|p ric
|a Texas A&M University
|b Rellis Campus
|c Joint Library Facility
|d Remote Storage
|t 0
|e DS588.P3 T43
|h Library of Congress classification
|i unmediated -- volume
|k v.2
|m 32060005441940
|
| 952 |
f |
f |
|p ric
|a Texas A&M University
|b Rellis Campus
|c Joint Library Facility
|d Remote Storage
|t 0
|e DS588.P3 T43
|h Library of Congress classification
|i unmediated -- volume
|k v.1
|m 32060003669336
|
| 998 |
f |
f |
|a DS588.P3 T43
|t 0
|l Remote Storage
|